000 00370nam a22001697a 4500
005 20160701114453.0
008 160701b xxu||||| |||| 00| 0 eng d
020 _a978-81-265-300-7
041 _aeng
082 _b20335
100 _aBotin
_93381
245 _aSoli chemistry
260 _bWilly
_c2011
300 _a302
650 _aAgriculture
_92837
942 _cBK
999 _c5057
_d5055